000 00426nam a2200157 i 4500
001 99239
003 ES-MaACL
005 20230906182450.0
007 t|
008 050906s1915 sp ||||1| spa d
100 1 _aMartín Gil, Ramón.
_977508
245 1 4 _aLas moscas y las enfermedades infecciosas /
_cR. Martín Gil.
260 _aMálaga :
_b[s.n.],
_c1915.
300 _a31 p. ;
_c19 cm.
852 _aES-MaACL
_j1497-F-15
999 _c99239
_d99239